| 000 | 00843nam a22002177a 4500 | ||
|---|---|---|---|
| 008 | 090205t xxu||||| |||| 00| 0 eng d | ||
| 010 | _aENG-92866 | ||
| 020 |
_c190.00 _a9788190778329 |
||
| 035 | _aEN-76399 | ||
| 037 | _bDBAD / PUB | ||
| 040 |
_adpl _bEnglish |
||
| 082 | _a658.812 | ||
| 100 | _aSudhahar, J. Clement | ||
| 245 |
_aCustomer loyalty management in banking / _cby J.Clement Sudhahar [and] M. Selvam |
||
| 260 |
_aErode _bPallavi Publications _c2008 |
||
| 270 |
_a194, Khanna Complex, Mettur Road, _bErode _e638011 |
||
| 300 |
_axvi, 222p. _c22cm (pbk) |
||
| 500 | _aIncludes references | ||
| 942 |
_2ddc _cEN _mSUD _h658.812 |
||
| 999 |
_c23090 _d23090 |
||